[Event "Brasilia-ch 53rd"]
[Site "Brasilia"]
[Date "2013.08.18"]
[Round "8"]
[White "Da Silva, Amanda Ketley Doura"]
[Black "Maio Guedes, Luis Augusto"]
[Result "0-1"]
[WhiteElo "1500"]
[BlackElo "1804"]
[PlyCount "84"]
[EventDate "2013.08.12"]
[EventType "swiss"]
[EventRounds "9"]
[EventCountry "BRA"]
[SourceTitle "CBM 155 Extra"]
[Source "ChessBase"]
[SourceDate "2013.08.26"]
[SourceVersion "1"]
[SourceVersionDate "2013.08.26"]
[SourceQuality "1"]

1. e4 c5 2. Nc3 d6 3. g3 Nf6 4. Bg2 e6 5. Nge2 Be7 6. 0-0 0-0 7. d3 Nbd7 8. h3 Rb8 9. f4 b5 10. a3 a5 11. Bd2 b4 12. axb4 cxb4 13. Na4 Nb6 14. b3 Nxa4 15. Rxa4 Qb6+ 16. Kh1 Bd7 17. Ra2 Bc6 18. g4 Nd7 19. Ng3 Bh4 20. Rf3 d5 21. Be3 d4 22. Bc1 g5 23. Ne2 f5 24. Bb2 fxe4 25. Bxd4 exf3 26. Bxb6 fxg2+ 27. Kh2 Nxb6 28. Qg1 gxf4 29. Nxf4 Rxf4 30. Qe3 g1Q+ 31. Qxg1 Rf2+ 32. Qxf2 Bxf2 33. h4 Rf8 34. h5 Nd5 35. Rxa5 Ne3 36. Ra6 Nf1+ 37. Kh3 Rf3+ 38. Kg2 Ne3+ 39. Kh2 Bd5 40. Ra1 Nxg4+ 41. Kg2 Rg3+ 42. Kf1 Bf3 0-1

[Event "Brasilia-ch 53rd"]
[Site "Brasilia"]
[Date "2013.08.18"]
[Round "9"]
[White "Maio Guedes, Luis Augusto"]
[Black "De Queiroz, Glauber Pimentel"]
[Result "1-0"]
[WhiteElo "1804"]
[BlackElo "1818"]
[PlyCount "71"]
[EventDate "2013.08.12"]
[EventType "swiss"]
[EventRounds "9"]
[EventCountry "BRA"]
[SourceTitle "CBM 155 Extra"]
[Source "ChessBase"]
[SourceDate "2013.08.26"]
[SourceVersion "1"]
[SourceVersionDate "2013.08.26"]
[SourceQuality "1"]

1. Nf3 d5 2. b3 Nf6 3. Bb2 g6 4. g3 Bg7 5. Bg2 0-0 6. 0-0 c6 7. d3 Bg4 8. Nbd2 Qc8 9. c4 Rd8 10. cxd5 Nxd5 11. Bxg7 Kxg7 12. Rc1 Bh3 13. Ng5 Bxg2 14. Kxg2 h6 15. Nge4 Na6 16. a3 f5 17. Nc3 Qe6 18. Qc2 Nac7 19. Qb2 Kh7 20. Nf3 Qf6 21. d4 Nxc3 22. Rxc3 Nd5 23. Rc2 f4 24. Qc1 Qf5 25. Rc5 Qe4 26. Rc2 Rd6 27. Kg1 Rf8 28. Nd2 Qxd4 29. Rc4 Qf6 30. Ne4 Qf7 31. Nxd6 exd6 32. Re4 Qf5 33. Qc4 fxg3 34. hxg3 Qf6 35. Rh4 g5 36. Rg4 1-0

[Event "Brasilia-ch 53rd"]
[Site "Brasilia"]
[Date "2013.08.17"]
[Round "6"]
[White "Maio Guedes, Luis Augusto"]
[Black "Ribeiro, Valdir Uchoa Jr"]
[Result "0-1"]
[WhiteElo "1804"]
[BlackElo "1949"]
[PlyCount "64"]
[EventDate "2013.08.12"]
[EventType "swiss"]
[EventRounds "9"]
[EventCountry "BRA"]
[SourceTitle "CBM 155 Extra"]
[Source "ChessBase"]
[SourceDate "2013.08.26"]
[SourceVersion "1"]
[SourceVersionDate "2013.08.26"]
[SourceQuality "1"]

1. Nf3 c5 2. b3 Nf6 3. Bb2 g6 4. e4 Bg7 5. Bc4 d6 6. 0-0 0-0 7. Qe2 Nc6 8. d4 cxd4 9. Nxd4 Ne5 10. Nd2 a6 11. f4 Nxc4 12. Nxc4 b5 13. Nd2 Nd7 14. Kh1 Bb7 15. N2f3 Qc7 16. Ng5 Qb6 17. Qg4 Nf6 18. Qe2 h6 19. e5 hxg5 20. exf6 Bxf6 21. Rad1 gxf4 22. Rxf4 Bg7 23. Rg4 Rac8 24. Nf5 Bxb2 25. Nxe7+ Kg7 26. Rxd6 Qc5 27. Rdxg6+ fxg6 28. Rxg6+ Kh7 29. Re6 Rcd8 30. Re4 Bxe4 31. Qxe4+ Kh8 32. Qh4+ Kg7 0-1

[Event "Brasilia-ch 53rd"]
[Site "Brasilia"]
[Date "2013.08.13"]
[Round "2"]
[White "Maio Guedes, Luis Augusto"]
[Black "Noguerol, Alvaro Vinueza"]
[Result "0-1"]
[WhiteElo "1804"]
[BlackElo "1500"]
[PlyCount "72"]
[EventDate "2013.08.12"]
[EventType "swiss"]
[EventRounds "9"]
[EventCountry "BRA"]
[SourceTitle "CBM 155 Extra"]
[Source "ChessBase"]
[SourceDate "2013.08.26"]
[SourceVersion "1"]
[SourceVersionDate "2013.08.26"]
[SourceQuality "1"]

1. e4 e5 2. Bc4 Nf6 3. d4 b5 4. Bxb5 Nxe4 5. dxe5 Bc5 6. Nh3 c6 7. Bd3 d5 8. exd6 Bxh3 9. Bxe4 Bxf2+ 10. Kf1 Be6 11. Qf3 Bb6 12. Bxc6+ Nxc6 13. Qxc6+ Kf8 14. Bf4 Rc8 15. Qf3 Rxc2 16. Nd2 g5 17. Bg3 Rxd2 18. Qc3 Bc4+ 19. Qxc4 Qf6+ 20. Ke1 Qxb2 21. Be5 Qxe5+ 22. Kxd2 Qxd6+ 23. Kc2 Kg7 24. Raf1 Qe6 25. Qc3+ f6 26. Kb2 Rb8 27. Ka1 Qe5 28. Qxe5 fxe5 29. a4 Bd4+ 30. Ka2 Rb2+ 31. Ka3 Rxg2 32. Rb1 Kg6 33. h4 g4 34. Rhf1 g3 35. Rb3 Bc5+ 36. Rb4 Rf2 0-1

[Event "BRA-ch sf"]
[Site "Brasilia"]
[Date "2012.06.24"]
[Round "6"]
[White "Olivo, Anibal Ribeiro"]
[Black "Maio Guedes, Luis Augusto"]
[Result "1-0"]
[WhiteElo "1595"]
[BlackElo "1823"]
[PlyCount "77"]
[EventDate "2012.06.16"]
[EventType "swiss"]
[EventRounds "6"]
[EventCountry "BRA"]
[SourceTitle "EXT 2014"]
[Source "ChessBase"]
[SourceDate "2013.11.20"]
[SourceVersion "1"]
[SourceVersionDate "2013.11.20"]
[SourceQuality "1"]

1. e4 c5 2. Nf3 a6 3. d4 cxd4 4. Nxd4 Nf6 5. Nc3 e5 6. Nb3 Bb4 7. Bd2 Bxc3 8. Bxc3 Nxe4 9. Qg4 Nf6 10. Qxg7 Rg8 11. Qh6 Rg6 12. Qh4 Rg4 13. Qh6 d5 14. 0-0-0 Qe7 15. a3 Nc6 16. Re1 d4 17. Bd2 Rg6 18. Qh4 Bf5 19. f3 0-0-0 20. g4 Be6 21. Bd3 e4 22. fxe4 Rxg4 23. Qh6 Rdg8 24. Rhf1 R8g6 25. Qh3 Rg3 26. Qh4 Rxd3 27. cxd3 Bxb3 28. Kb1 Ne5 29. Bg5 Nxd3 30. Bxf6 Qe6 31. Re2 Kb8 32. Bxd4 Qd7 33. Bc3 Rd6 34. Rd2 Ka7 35. Qg3 b6 36. Rf3 Rg6 37. Rfxd3 Ba2+ 38. Ka1 Bd5 39. Rxd5 1-0

[Event "BRA-ch sf"]
[Site "Brasilia"]
[Date "2012.06.17"]
[Round "4"]
[White "Maio Guedes, Luis Augusto"]
[Black "Rocha, Tarciso"]
[Result "0-1"]
[WhiteElo "1823"]
[BlackElo "1858"]
[PlyCount "74"]
[EventDate "2012.06.16"]
[EventType "swiss"]
[EventRounds "6"]
[EventCountry "BRA"]
[SourceTitle "EXT 2014"]
[Source "ChessBase"]
[SourceDate "2013.11.20"]
[SourceVersion "1"]
[SourceVersionDate "2013.11.20"]
[SourceQuality "1"]

1. e4 c5 2. Nf3 d6 3. c3 Nc6 4. d4 cxd4 5. cxd4 e6 6. Bd3 Nf6 7. 0-0 Be7 8. Nc3 0-0 9. a3 a6 10. e5 dxe5 11. dxe5 Nd5 12. Nxd5 exd5 13. Qc2 g6 14. Bh6 Re8 15. h3 Bf8 16. Qd2 Nxe5 17. Nxe5 Rxe5 18. Bf4 Re8 19. Rac1 Bd6 20. Bh6 Bd7 21. Bb1 Bc6 22. Rce1 Bf8 23. Bg5 Qd7 24. f4 Rxe1 25. Rxe1 Re8 26. Rf1 Qe6 27. f5 Qe2 28. fxg6 hxg6 29. Qf4 Qe6 30. Qh4 Bg7 31. b4 d4 32. Qf2 f5 33. Rc1 Bd5 34. Bd2 Qe2 35. Qg3 Qxd2 36. Qxg6 Qxc1+ 37. Kh2 Qf4+ 0-1

[Event "BRA-ch sf"]
[Site "Brasilia"]
[Date "2012.05.20"]
[Round "4"]
[White "Maio Guedes, Luis Augusto"]
[Black "Nunes, Luiz Antonio Santos"]
[Result "0-1"]
[WhiteElo "1823"]
[BlackElo "1800"]
[PlyCount "98"]
[EventDate "2012.05.19"]
[EventType "swiss"]
[EventRounds "7"]
[EventCountry "BRA"]
[SourceTitle "CBM 148 Extra"]
[Source "ChessBase"]
[SourceDate "2012.06.22"]
[SourceVersion "1"]
[SourceVersionDate "2012.06.22"]
[SourceQuality "1"]

1. Nf3 Nf6 2. Nc3 d5 3. d4 c5 4. e3 Nc6 5. Be2 e6 6. 0-0 Be7 7. a3 0-0 8. Re1 Bd7 9. Bd3 Rc8 10. e4 cxd4 11. exd5 dxc3 12. dxc6 Bxc6 13. bxc3 Qa5 14. Bb2 Rfd8 15. Qe2 Qh5 16. c4 Bxf3 17. gxf3 Bd6 18. Be5 Qxe5 19. Qxe5 Bxe5 20. Rxe5 Nd7 21. Rb5 Nc5 22. Rd1 f5 23. Kg2 b6 24. Rbb1 Rd4 25. Be2 Rcd8 26. Rxd4 Rxd4 27. Rd1 Rxd1 28. Bxd1 f4 29. Be2 Kf7 30. Kh3 Kf6 31. Kg4 g5 32. Kh5 Nd7 33. Bd3 Ne5 34. Be2 Kf5 35. h3 Nd7 36. Bd3+ Kf6 37. Bxh7 Ne5 38. Bd3 Nxf3 39. Kg4 Ne5+ 40. Kh5 a5 41. a4 Nd7 42. c3 Nc5 43. Bc2 e5 44. Kg4 e4 45. h4 gxh4 46. Kxf4 Nd3+ 47. Kg4 Ke5 48. Kxh4 Kf4 49. Kh3 Kf3 0-1

[Event "Brasilia"]
[Site "Brasilia"]
[Date "2011.08.21"]
[Round "6"]
[White "Cunha, Lucas Aguiar"]
[Black "Maio Guedes, Luis Augusto"]
[Result "1-0"]
[WhiteElo "2145"]
[BlackElo "1825"]
[PlyCount "59"]
[EventDate "2011.08.15"]
[EventType "tourn"]
[EventRounds "13"]
[EventCountry "BRA"]
[SourceTitle "CBM 144 Extra"]
[Source "ChessBase"]
[SourceDate "2011.10.28"]
[SourceVersion "1"]
[SourceVersionDate "2011.10.28"]
[SourceQuality "1"]

1. Nf3 Nf6 2. c4 c5 3. Nc3 d5 4. cxd5 Nxd5 5. g3 g6 6. Bg2 Bg7 7. 0-0 0-0 8. a3 e5 9. Qb3 Nb6 10. d3 Be6 11. Qc2 Nc6 12. Ne4 Nd4 13. Nxd4 cxd4 14. Nc5 Qc7 15. b4 Nd5 16. Qd2 Qe7 17. Bb2 Bf6 18. e4 Bg5 19. f4 exf4 20. gxf4 Nxf4 21. Rxf4 Qd6 22. Nxe6 Qxe6 23. Raf1 Rfd8 24. Qf2 Qd6 25. Rf3 Rac8 26. Rxf7 Be3 27. Qxe3 dxe3 28. Rg7+ Kh8 29. Rxg6+ Qd4 30. Rf8+ 1-0

[Event "Brasilia"]
[Site "Brasilia"]
[Date "2011.08.19"]
[Round "4"]
[White "Reis, Ernesto Guevara"]
[Black "Maio Guedes, Luis Augusto"]
[Result "0-1"]
[WhiteElo "1947"]
[BlackElo "1825"]
[PlyCount "103"]
[EventDate "2011.08.15"]
[EventType "tourn"]
[EventRounds "13"]
[EventCountry "BRA"]
[SourceTitle "CBM 144 Extra"]
[Source "ChessBase"]
[SourceDate "2011.10.28"]
[SourceVersion "1"]
[SourceVersionDate "2011.10.28"]
[SourceQuality "1"]

1. e4 c5 2. Nf3 a6 3. c4 g6 4. d4 Bg7 5. Nc3 cxd4 6. Nxd4 d6 7. Be2 Nf6 8. 0-0 Nc6 9. Be3 0-0 10. Kh1 Qc7 11. f4 e5 12. Nb3 exf4 13. Bxf4 Ne5 14. Bg5 Ne8 15. Nd5 Qb8 16. Be7 Be6 17. Bxf8 Kxf8 18. Nd4 Bxd5 19. exd5 Kg8 20. Nf3 Nxf3 21. Rxf3 Bxb2 22. Rb1 Be5 23. Rfb3 Qd8 24. Qd3 b5 25. cxb5 axb5 26. Rxb5 Rc8 27. R5b3 Ng7 28. Bg4 f5 29. Be2 Ne8 30. Qa6 Ra8 31. Qb6 Qh4 32. Rh3 Qa4 33. Bb5 Qxa2 34. Bxe8 Rxe8 35. Qb7 Bg7 36. Qb3 Qf2 37. Qd1 Re2 38. Qg1 Qf4 39. Qa7 Rb2 40. Rxb2 Qc1+ 41. Qg1 Qxb2 42. Qd1 Be5 43. Rb3 Qf2 44. Rf3 Qh4 45. g3 Qe4 46. Qd3 Qe1+ 47. Rf1 Qa5 48. Rb1 Kg7 49. h4 Kf6 50. Qe3 Qxd5+ 51. Kh2 Qa2+ 52. Kh3 0-1

[Event "Brasilia"]
[Site "Brasilia"]
[Date "2011.08.15"]
[Round "1"]
[White "Valle, Adriano"]
[Black "Maio Guedes, Luis Augusto"]
[Result "1-0"]
[WhiteElo "2289"]
[BlackElo "1825"]
[PlyCount "79"]
[EventDate "2011.08.15"]
[EventType "tourn"]
[EventRounds "13"]
[EventCountry "BRA"]
[SourceTitle "CBM 144 Extra"]
[Source "ChessBase"]
[SourceDate "2011.10.28"]
[SourceVersion "1"]
[SourceVersionDate "2011.10.28"]
[SourceQuality "1"]

1. Nf3 Nf6 2. c4 g6 3. Nc3 d5 4. d4 Bg7 5. Bg5 Ne4 6. cxd5 Nxc3 7. bxc3 Qxd5 8. e3 Bg4 9. Qa4+ Bd7 10. Qa3 Nc6 11. Bd3 Bg4 12. c4 Qa5+ 13. Qxa5 Nxa5 14. Rb1 f6 15. Bf4 0-0-0 16. d5 e5 17. Bg3 Rhe8 18. e4 c5 19. Nd2 b6 20. f3 Bd7 21. Ke2 Nb7 22. Rb2 f5 23. Bh4 Nd6 24. Bxd8 Kxd8 25. a4 Kc7 26. a5 Rb8 27. axb6+ axb6 28. Ra1 Nc8 29. h3 h5 30. Bc2 Be8 31. Ba4 Bf7 32. Bc6 Kd6 33. Rba2 Ne7 34. Ra7 Nxc6 35. dxc6 Rf8 36. Rd7+ Ke6 37. Raa7 Bf6 38. Rxf7 Rxf7 39. Rxf7 Be7 40. c7 1-0

[Event "BRA-ch Center East"]
[Site "Brazil"]
[Date "2011.06.26"]
[Round "7"]
[White "Do Couto, Januario Pereira"]
[Black "Maio Guedes, Luis Augusto"]
[Result "0-1"]
[WhiteElo "1741"]
[BlackElo "1834"]
[PlyCount "32"]
[EventDate "2011.06.22"]
[EventType "swiss"]
[EventRounds "7"]
[EventCountry "BRA"]
[SourceTitle "EXT 2013"]
[Source "ChessBase"]
[SourceDate "2012.11.22"]
[SourceVersion "1"]
[SourceVersionDate "2012.11.22"]
[SourceQuality "1"]

1. e4 c5 2. Nf3 a6 3. d4 cxd4 4. Nxd4 Nf6 5. Nc3 e5 6. Nb3 Bb4 7. Bd3 d5 8. exd5 Nxd5 9. Bd2 Nxc3 10. bxc3 Bd6 11. 0-0 Qh4 12. g3 Qh3 13. Be4 Bg4 14. Bf3 h5 15. Be3 e4 16. Bxg4 hxg4 0-1

[Event "BRA-ch Amateur"]
[Site "Brasilia"]
[Date "2011.04.30"]
[Round "4.5"]
[White "Maio Guedes, Luis Augusto"]
[Black "Barbosa, Edinardo Meireles"]
[Result "1-0"]
[WhiteElo "1875"]
[BlackElo "1815"]
[PlyCount "37"]
[EventDate "2011.04.25"]
[EventType "tourn"]
[EventRounds "9"]
[EventCountry "BRA"]
[SourceTitle "EXT 2022"]
[Source "ChessBase"]
[SourceDate "2021.10.06"]
[SourceVersion "1"]
[SourceVersionDate "2021.10.06"]
[SourceQuality "1"]

1. e4 e6 2. d4 d5 3. e5 c5 4. c3 Nc6 5. Nf3 Qb6 6. Bd3 Bd7 7. 0-0 cxd4 8. cxd4 Nxd4 9. Nxd4 Qxd4 10. Nc3 Qxe5 11. Re1 Qc7 12. Nxd5 Qa5 13. Bc4 Ne7 14. b4 Qd8 15. Bg5 exd5 16. Qxd5 Be6 17. Bb5+ Bd7 18. Rad1 Bc6 19. Bxc6+ 1-0

[Event "BRA-ch Amateur"]
[Site "Brasilia"]
[Date "2011.04.27"]
[Round "1.5"]
[White "Reis, Ernesto Guevara"]
[Black "Maio Guedes, Luis Augusto"]
[Result "1-0"]
[WhiteElo "1921"]
[BlackElo "1875"]
[PlyCount "69"]
[EventDate "2011.04.25"]
[EventType "tourn"]
[EventRounds "9"]
[EventCountry "BRA"]
[SourceTitle "EXT 2022"]
[Source "ChessBase"]
[SourceDate "2021.10.06"]
[SourceVersion "1"]
[SourceVersionDate "2021.10.06"]
[SourceQuality "1"]

1. e4 c5 2. Nf3 a6 3. d4 cxd4 4. Nxd4 Nf6 5. Nc3 e5 6. Nb3 Bb4 7. a3 Bxc3+ 8. bxc3 d5 9. exd5 Nxd5 10. c4 Ne7 11. Bd3 Nd7 12. 0-0 0-0 13. Qh5 Ng6 14. Bb2 Nf6 15. Qg5 h6 16. Qg3 Nh5 17. Qf3 Nf6 18. Bxg6 fxg6 19. Qg3 Bf5 20. Bxe5 Nh5 21. Qc3 Qg5 22. f4 Qg4 23. Nd2 b5 24. c5 Be6 25. h3 Qh4 26. Nf3 Qd8 27. Rad1 Qc8 28. Nd4 Bc4 29. Rf2 Rd8 30. c6 Ra7 31. c7 Rxc7 32. Bxc7 Qxc7 33. Re1 Qb6 34. Nf3 Nxf4 35. Qe3 1-0

[Event "Brasilia Valadares Memorial"]
[Site "Brasilia"]
[Date "2011.02.20"]
[Round "5.5"]
[White "Cavalcante, Rodrigo Moreira"]
[Black "Maio Guedes, Luis Augusto"]
[Result "1-0"]
[WhiteElo "1946"]
[BlackElo "1875"]
[PlyCount "43"]
[EventDate "2011.02.20"]
[EventType "swiss"]
[EventRounds "7"]
[EventCountry "BRA"]
[SourceTitle "EXT 2022"]
[Source "ChessBase"]
[SourceDate "2021.10.06"]
[SourceVersion "1"]
[SourceVersionDate "2021.10.06"]
[SourceQuality "1"]

1. e4 g6 2. d4 Bg7 3. Nf3 c6 4. Be3 Qb6 5. Bc4 Qxb2 6. Nbd2 Qb6 7. 0-0 d6 8. Rb1 Qc7 9. Ng5 e6 10. f4 h6 11. Nh3 b5 12. Bb3 a5 13. c4 a4 14. Bc2 Ba6 15. f5 Nf6 16. fxe6 fxe6 17. e5 dxe5 18. Bxg6+ Ke7 19. Ne4 Rd8 20. d5 exd5 21. Bc5+ Ke6 22. Rxf6+ 1-0

[Event "Brasilia Valadares Memorial"]
[Site "Brasilia"]
[Date "2011.02.20"]
[Round "6.7"]
[White "Maio Guedes, Luis Augusto"]
[Black "Rocha, Tarciso"]
[Result "0-1"]
[WhiteElo "1875"]
[BlackElo "1878"]
[PlyCount "66"]
[EventDate "2011.02.20"]
[EventType "swiss"]
[EventRounds "7"]
[EventCountry "BRA"]
[SourceTitle "EXT 2022"]
[Source "ChessBase"]
[SourceDate "2021.10.06"]
[SourceVersion "1"]
[SourceVersionDate "2021.10.06"]
[SourceQuality "1"]

1. e4 c5 2. Nf3 d6 3. c3 e6 4. d4 cxd4 5. cxd4 Nf6 6. Nc3 Be7 7. Bd3 a6 8. 0-0 0-0 9. e5 dxe5 10. dxe5 Nd5 11. Nxd5 exd5 12. Qc2 h6 13. Be3 Be6 14. Qd2 Nc6 15. Bxh6 f5 16. exf6 Bxf6 17. Bg5 Bg4 18. Bxf6 Qxf6 19. Ng5 Ne5 20. Bh7+ Kh8 21. f4 Nc4 22. Qf2 Qxg5 23. Qg3 Qh5 24. Bc2 Bf5 25. Bd1 Qh6 26. b3 Nd2 27. Re1 Ne4 28. Qf3 Qb6+ 29. Kh1 Nf2+ 30. Kg1 Nxd1+ 31. Kh1 Nf2+ 32. Kg1 Ne4+ 33. Kh1 Rac8 0-1

[Event "Brasiliense sf 03"]
[Site "Brazil"]
[Date "2010.07.14"]
[Round "2"]
[White "Maio Guedes, Luis Augusto"]
[Black "Uchoa, Valdir"]
[Result "0-1"]
[WhiteElo "1898"]
[BlackElo "1958"]
[PlyCount "54"]
[EventDate "2010.07.13"]
[EventType "swiss"]
[EventRounds "7"]
[EventCountry "BRA"]
[SourceTitle "EXT 2012"]
[Source "ChessBase"]
[SourceDate "2011.11.24"]
[SourceVersion "1"]
[SourceVersionDate "2011.11.24"]
[SourceQuality "1"]

1. e4 Nf6 2. e5 Nd5 3. Nc3 Nxc3 4. bxc3 d6 5. f4 g6 6. d4 Bg7 7. Bc4 0-0 8. Nf3 c5 9. h3 Qc7 10. Qe2 e6 11. exd6 Qxd6 12. Ba3 b6 13. 0-0 Nc6 14. dxc5 bxc5 15. Rad1 Qc7 16. Bxc5 Na5 17. Bxf8 Bxf8 18. Bb5 Bb7 19. Rd7 Qxc3 20. Ng5 Bc5+ 21. Kh1 Rf8 22. Qg4 Bd5 23. Bd3 Nc4 24. Nxh7 Ne3 25. Qg5 Bxg2+ 26. Kh2 Nxf1+ 27. Bxf1 Qxh3# 0-1